00462nam a2200181Ia 4500008004100000020001800041050001400059100002000073245002900093245005700122260001500179260001600194260000900210300001600219300002700235300001000262500000800272170918s9999 xx 000 0 und d a9780439701679 bD545 2003 aDiCamillo, Kate 4aThe tale of despereaux / cKate DiCamillo ; illustrated by Timothy Basil Ering. aNew York : bScholastic, c2003 a267 pages : bcolored illustration ; c19cm. a670